00539 2200157 4500245011600000250001100116110004400127650003400171650001000205005001900215260009700234041001400331084000800345300001900353336000900372 aProsedur Operasional Strandar b : Penelitian Bahasa dan SastracBADAN PENGEMBANGAN DAN PEMBINAAN BAHASAhText aCet. 1 aBADAN PENGEMBANGAN DAN PEMBINAAN BAHASA aRiset Penelitian Kesusastraan aEbook a20241105100119 aJakartabBadan Pengembangan dan Pembinaan Bahasa Kementerian Pendidikan dan Kebudayaanc2017 aIndonesia a807 a110 hlm :cPDF atext